000 00461nam a2200181Ia 4500
003 OSt
005 20230606204752.0
008 210423s2011 xx 000 0 und d
040 _cAL
041 _aeng
082 _a302.2
_223
_bCHAS
100 _aCHAKRAVARTHI (T K).
_9120639
245 _aSoft skill for managers.
260 _aNew Delhi
_bDeep and deep publication
_c2011
365 _b225
_cINR
906 _amanagers. ; skill ; Soft
942 _2ddc
_cBK
999 _c175961
_d175961